<?xml version="1.0" encoding="UTF-8"?>
<record
    xmlns:xsi="http://www.w3.org/2001/XMLSchema-instance"
    xsi:schemaLocation="http://www.loc.gov/MARC21/slim http://www.loc.gov/standards/marcxml/schema/MARC21slim.xsd"
    xmlns="http://www.loc.gov/MARC21/slim">

  <leader>00988nam a2200205 i 4500</leader>
  <controlfield tag="001">185334</controlfield>
  <controlfield tag="003">ES-MaACL</controlfield>
  <controlfield tag="005">20241110171436.0</controlfield>
  <controlfield tag="008">160523s1901    xxk          |||| | eng d</controlfield>
  <datafield tag="110" ind1="2" ind2=" ">
    <subfield code="a">Bernard Quaritch (Firma)</subfield>
    <subfield code="9">159203</subfield>
  </datafield>
  <datafield tag="245" ind1="1" ind2="2">
    <subfield code="a">A catalogue of choice and valuble books topography, genealogy, heraldry english literature and illustrated books sport, americana, early printed books, etc. including the library aof the late colonel Newsome and important purchase from the Ashburton, Peel, an Sykes collections : </subfield>
    <subfield code="b">offered at the net prices affixed / </subfield>
    <subfield code="c">by Bernard Quaritch.</subfield>
  </datafield>
  <datafield tag="260" ind1=" " ind2=" ">
    <subfield code="a">London : </subfield>
    <subfield code="b">Bernard Quaritch, </subfield>
    <subfield code="c">1901.</subfield>
  </datafield>
  <datafield tag="300" ind1=" " ind2=" ">
    <subfield code="a">72 p. ; </subfield>
    <subfield code="c">25 cm.</subfield>
  </datafield>
  <datafield tag="594" ind1=" " ind2=" ">
    <subfield code="a">Precede al t&#xED;t.: n&#xBA; 204, february, 1901.</subfield>
  </datafield>
  <datafield tag="610" ind1="2" ind2="4">
    <subfield code="a">Bernard Quaritch (Firma)-</subfield>
    <subfield code="v">Cat&#xE1;logos.</subfield>
    <subfield code="9">159595</subfield>
  </datafield>
  <datafield tag="650" ind1=" " ind2="4">
    <subfield code="a">Libros-</subfield>
    <subfield code="v">Cat&#xE1;logos comerciales.</subfield>
    <subfield code="9">159004</subfield>
  </datafield>
  <datafield tag="852" ind1=" " ind2=" ">
    <subfield code="a">ES-MaACL</subfield>
    <subfield code="j">T-969-F-15</subfield>
    <subfield code="z">.- Enc. en un vol. facticio con la cub. original</subfield>
  </datafield>
  <datafield tag="942" ind1=" " ind2=" ">
    <subfield code="2">udc</subfield>
  </datafield>
  <datafield tag="999" ind1=" " ind2=" ">
    <subfield code="c">185334</subfield>
    <subfield code="d">185334</subfield>
  </datafield>
  <datafield tag="952" ind1=" " ind2=" ">
    <subfield code="0">0</subfield>
    <subfield code="1">0</subfield>
    <subfield code="2">udc</subfield>
    <subfield code="4">0</subfield>
    <subfield code="7">0</subfield>
    <subfield code="8">Colecci&#xF3;n_de_folletos</subfield>
    <subfield code="a">ATENEOM</subfield>
    <subfield code="b">ATENEOM</subfield>
    <subfield code="c">DEPOF</subfield>
    <subfield code="d">2016-05-23</subfield>
    <subfield code="l">0</subfield>
    <subfield code="o">T-969-F-15</subfield>
    <subfield code="p">1195261</subfield>
    <subfield code="r">2023-02-23 00:00:00</subfield>
    <subfield code="w">2023-02-23</subfield>
    <subfield code="y">FOLLETOS</subfield>
  </datafield>
</record>
